ბათუმის შოთა რუსთაველის სახელმწიფო უნივერსიტეტის ბიბლიოთეკა

ინოვაციური განვითარება როგორც ფირმის კონკურენტუნარიანობის ამაღლების ფაქტორი : (ბიბ.ჩანაწერი № 58788)

000 -ლიდერი
ფიქსირებული სიგრძის საკონტროლო ველი 01621nam a22001937a 4500
003 - საკონტროლო ნომრის იდენტიფიკატორი
საკონტროლო ველი Ge_BSU
005 - ბოლო ოპერაციის თარიღი და დრო
საკონტროლო ველი 20221221134028.0
008 - ფიქსირებული სიგრძის მონაცემთა ელემენტები - ზოგადი ინფორმაცია
ფიქსირებული სიგრძის საკონტროლო ველი 220729s2022ge xxu||||| |||| 00| 0 geo d
041 ## - ენის კოდი
Language code of text/sound track or separate title geo
080 ## - უნივერსალური ათობითი კლასიფიკაციის ინდექსი
Universal Decimal Classification number 33 ბ-52
100 ## - მთავარი ჩანაწერი - პიროვნების სახელი
Personal name ბერიძე, ზაზა
9 (RLIN) 14503
245 ## - ცნობა სათაურის შესახებ
Title ინოვაციური განვითარება როგორც ფირმის კონკურენტუნარიანობის ამაღლების ფაქტორი :
Remainder of title დისერტაცია: ნაშრომი წარდგენილია ბიზნესის ადმინისტრირების აკადემიური ხარისხის მოსაპოვებლად /
Statement of responsibility, etc ზაზა ბერიძე, სამეცნ.ხელმძღ. პაატა აროშიძე.
264 ## - წარმოების, გამოცემის, დისტრიბუციის და სხვა ცნობები
გამოცემის, წარმოების, დისტრიბუციის... ადგილი ბათუმი:
გამოცემის, წარმოების, დისტრიბუციის... სახელწოდება ბათუმის შოთა რუსთაველის სახელმწიფო უნივერსიტეტი,
გამოცემის, წარმოების, დისტრიბუციის... თარიღი 2022.
300 ## - ფიზიკური აღწერა
Extent 168 გვ.:
Dimensions 30 სმ.
653 ## - INDEX TERM--UNCONTROLLED
Uncontrolled term ეკონომიკა
700 ## - ADDED ENTRY--PERSONAL NAME
Personal name აროშიძე, პაატა
Relator term სამეცნიერო ხელმძღვანელი
9 (RLIN) 14504
710 ## - ADDED ENTRY--CORPORATE NAME
Corporate name or jurisdiction name as entry element ბათუმის შოთა რუსთაველის სახელმწიფო უნივერსიტეტი ბიზნესის ადმინისტრირების მენეჯმენტისა და მარკეტინგის დეპარტამენტი
9 (RLIN) 14505
942 ## - ADDED ENTRY ELEMENTS (KOHA)
Source of classification or shelving scheme
Koha item type დისერტაცია
ეგზემპლარები
ჩამოწერის სტატუსი დაკარგული ეგზემპლარის სტატუსი კლასიფიკაციის წყარო ან თაროზე გაწყობის სქემა დაზიანების სტატუსი არ გაიცემა მუდმივი მდებარეობა (დაცვის ადგილი) ამჟამინდელი ადგილსამყოფელი თაროზე განთავსების ადგილი შეძენის თარიღი სრული შენახვის შიფრი შტრიხკოდი ბოლო ოპერაციის თარიღი ეგზემპლარის მიმდევრობითი ნომერი (კეტერი?) ფასის ძალაში შესვლის თარიღი ეგზემპლარის სახეობა
        არ გაიცემა ბათუმის შოთა რუსთაველის სახელმწიფო უნივერსიტეტის მთავარი ბიბლიოთეკა ბათუმის შოთა რუსთაველის სახელმწიფო უნივერსიტეტის მთავარი ბიბლიოთეკა წიგნსაცავი 2022-07-29 33 ბ-52 401- დისერტაცია 2022-07-29 401- დისერტაცია 2022-07-29 დისერტაცია